[Event "Titled Tuesday intern op 20th Jun Early"]
[Site "Chess.com INT"]
[Date "2023.06.20"]
[Round "2"]
[White "Kuzmin, Ilya"]
[Black "Janaszak, Dawid"]
[Result "0-1"]
[WhiteElo "2113"]
[BlackElo "2316"]
[PlyCount "120"]
[EventDate "2023.06.20"]
[EventType "swiss (blitz)"]
[EventRounds "11"]
[EventCountry "USA"]
[SourceTitle "EXT 2024"]
[Source "ChessBase"]
[SourceDate "2023.10.10"]
[SourceVersion "1"]
[SourceVersionDate "2023.10.10"]
[SourceQuality "1"]

1. d4 Nf6 2. c4 g6 3. f3 d6 4. e4 Bg7 5. Nc3 0-0 6. Bg5 h6 7. Be3 a6 8. Qd2 Kh7 9. 0-0-0 b5 10. cxb5 axb5 11. Bxb5 Ba6 12. Bxa6 Nxa6 13. e5 Nd7 14. f4 Nb6 15. b3 e6 16. Nge2 dxe5 17. dxe5 Qe7 18. Kb1 Nb4 19. Bxb6 cxb6 20. Qd6 Rfe8 21. Qxe7 Rxe7 22. Rd6 Rea7 23. a4 Rc7 24. Rxb6 Nd3 25. g3 Rac8 26. Rd1 Nf2 27. Rc1 Nd3 28. Rc2 Ne1 29. Rd2 Nf3 30. Ra2 Bf8 31. Ne4 Bc5 32. Nxc5 Rxc5 33. a5 Rd5 34. Rc2 Rxc2 35. Kxc2 Rd2+ 36. Kc3 Rxe2 37. Rb7 Kg7 38. a6 Ra2 39. a7 g5 40. b4 Nxh2 41. b5 Nf1 42. b6 Ne3 43. Kb3 Ra1 44. Rb8 Nd5 45. fxg5 hxg5 46. b7 Rxa7 47. Rg8+ Kh7 48. b8Q Re7 49. Rh8+ Kg6 50. Qg8+ Kf5 51. Rh2 Kg4 52. Qg7 Rb7+ 53. Ka2 Ra7+ 54. Kb3 Rb7+ 55. Ka4 Nc3+ 56. Ka5 Nd5 57. Rf2 Kxg3 58. Rxf7 Rxf7 59. Qxf7 Nf4 60. Qf6 g4 0-1

[Event "Titled Tuesday intern op 06th Jun Early"]
[Site "Chess.com INT"]
[Date "2023.06.06"]
[Round "10"]
[White "Kuzmin, Ilya"]
[Black "Nikulina, Alena"]
[Result "1-0"]
[WhiteElo "2113"]
[BlackElo "1857"]
[PlyCount "51"]
[EventDate "2023.06.06"]
[EventType "swiss (blitz)"]
[EventRounds "11"]
[EventCountry "USA"]
[SourceTitle "EXT 2024"]
[Source "ChessBase"]
[SourceDate "2023.10.10"]
[SourceVersion "1"]
[SourceVersionDate "2023.10.10"]
[SourceQuality "1"]

1. d4 d5 2. c4 dxc4 3. e4 e5 4. Nf3 Bb4+ 5. Nc3 exd4 6. Nxd4 Nd7 7. Bxc4 Ngf6 8. Bxf7+ Kxf7 9. Qb3+ Ke8 10. Ne6 Nc5 11. Nxg7+ Kf8 12. Qxb4 Qe7 13. 0-0 Kxg7 14. e5 Ng4 15. f4 a5 16. Qb5 c6 17. Qe2 Qh4 18. h3 Rf8 19. hxg4 Bxg4 20. Qf2 Qe7 21. Be3 Ne6 22. Qg3 h5 23. f5 Nc5 24. f6+ Rxf6 25. exf6+ Qxf6 26. Rxf6 1-0

[Event "Irkutsk Region-ch"]
[Site "Irkutsk"]
[Date "2016.10.18"]
[Round "5.1"]
[White "Kuzmin, Ilya"]
[Black "Fellenger, Alexander"]
[Result "0-1"]
[WhiteElo "2278"]
[BlackElo "2142"]
[PlyCount "84"]
[EventDate "2016.10.15"]
[EventType "tourn"]
[EventRounds "9"]
[EventCountry "RUS"]
[SourceTitle "EXT 2018"]
[Source "ChessBase"]
[SourceDate "2017.10.13"]
[SourceVersion "1"]
[SourceVersionDate "2017.10.13"]
[SourceQuality "1"]

1. d4 d5 2. c4 e6 3. Nc3 Nf6 4. Bg5 Be7 5. Nf3 0-0 6. e3 Nbd7 7. Rc1 a6 8. cxd5 exd5 9. Bd3 c6 10. Qc2 Re8 11. 0-0 Nf8 12. Bxf6 Bxf6 13. b4 Qd6 14. Rb1 Bg4 15. Nd2 Bh5 16. Nb3 Bg6 17. a4 Bxd3 18. Qxd3 b5 19. Nc5 Nd7 20. e4 Nxc5 21. bxc5 dxe4 22. cxd6 exd3 23. axb5 cxb5 24. Nd5 Rad8 25. Rfe1 Re6 26. Rxe6 fxe6 27. Nb4 Rxd6 28. Nxd3 Bxd4 29. Kf1 Rc6 30. Ke2 e5 31. Kf3 Rc2 32. Ke4 Re2+ 33. Kf5 g6+ 34. Ke6 Rd2 35. Nb4 Rxf2 36. Nd5 Kg7 37. Rc1 e4 38. Rd1 Bb2 39. Ne3 h5 40. g4 Rf3 41. g5 Rxe3 42. Rd7+ Kg8 0-1

[Event "Angarsk Cup"]
[Site "Angarsk"]
[Date "2016.02.28"]
[Round "1"]
[White "Khramkov, Yury"]
[Black "Kuzmin, Ilya"]
[Result "0-1"]
[WhiteElo "2025"]
[BlackElo "2259"]
[PlyCount "72"]
[EventDate "2016.02.28"]
[EventType "tourn"]
[EventRounds "9"]
[EventCountry "RUS"]
[SourceTitle "EXT 2018"]
[Source "ChessBase"]
[SourceDate "2017.10.13"]
[SourceVersion "1"]
[SourceVersionDate "2017.10.13"]
[SourceQuality "1"]

1. d4 f5 2. Nc3 Nf6 3. Bg5 e6 4. e4 fxe4 5. Nxe4 Be7 6. Bxf6 Bxf6 7. Nf3 0-0 8. Qd2 Nc6 9. 0-0-0 d5 10. Nxf6+ Qxf6 11. Bb5 Ne7 12. Rhf1 a6 13. Bd3 Bd7 14. Ne5 Rad8 15. f4 Bb5 16. g4 Bxd3 17. Qxd3 Nc8 18. Rf3 Nd6 19. Rdf1 g6 20. h4 Ne4 21. Rh1 c5 22. h5 g5 23. dxc5 gxf4 24. Qd4 Ng5 25. Rd3 f3 26. Rf1 f2 27. h6 Qxh6 28. Kb1 Ne4 29. a4 Qf4 30. c6 bxc6 31. Nxc6 Rd7 32. Ne5 Rc7 33. c4 dxc4 34. Nxc4 Rxc4 35. Qxc4 Nd2+ 36. Rxd2 Qxc4 0-1

[Event "Angarsk op"]
[Site "Angarsk"]
[Date "2011.10.30"]
[Round "9"]
[White "Alexeev, Sergey"]
[Black "Kuzmin, Ilya"]
[Result "1-0"]
[WhiteElo "2127"]
[BlackElo "2207"]
[PlyCount "57"]
[EventDate "2011.10.23"]
[EventType "swiss"]
[EventRounds "9"]
[EventCountry "RUS"]
[SourceTitle "EXT 2012"]
[Source "ChessBase"]
[SourceDate "2011.11.24"]
[SourceVersion "1"]
[SourceVersionDate "2011.11.24"]
[SourceQuality "1"]

1. e4 d5 2. exd5 Qxd5 3. Nf3 Nf6 4. Nc3 Qa5 5. Bc4 c6 6. h3 Bf5 7. 0-0 e6 8. d3 Nbd7 9. a3 h6 10. Bf4 g5 11. Bd2 Qc7 12. Nd4 Bg6 13. Re1 0-0-0 14. Bxe6 fxe6 15. Nxe6 Qd6 16. Nxd8 Kxd8 17. Qf3 Bg7 18. Qe3 b6 19. Ne4 Nxe4 20. dxe4 Bxb2 21. Rad1 Rh7 22. Qb3 Bf6 23. Qg8+ Kc7 24. Qxg6 Qe7 25. e5 Nxe5 26. Qf5 Qg7 27. Bc3 Nf3+ 28. Qxf3 Bxc3 29. Re6 1-0

[Event "Khanty-Mansiysk Governor Cup 7th"]
[Site "Khanty-Mansiysk"]
[Date "2011.09.07"]
[Round "8"]
[White "Kuzmin, Ilya"]
[Black "Molchanov, Dmitry"]
[Result "1-0"]
[WhiteElo "2207"]
[BlackElo "1665"]
[PlyCount "92"]
[EventDate "2011.08.31"]
[EventType "swiss"]
[EventRounds "9"]
[EventCountry "RUS"]
[SourceTitle "CBM 144 Extra"]
[Source "ChessBase"]
[SourceDate "2011.10.28"]
[SourceVersion "1"]
[SourceVersionDate "2011.10.28"]
[SourceQuality "1"]

1. e4 c5 2. Nf3 Nc6 3. d4 cxd4 4. Nxd4 Nf6 5. Nc3 e5 6. Nf3 Bc5 7. Bc4 0-0 8. Bg5 d6 9. Nd5 Be6 10. Nxf6+ gxf6 11. Bxe6 fxg5 12. Bb3 Nd4 13. Nxd4 Bxd4 14. c3 Bc5 15. 0-0 Kg7 16. Qg4 h6 17. Rad1 Qc8 18. Qh5 f5 19. Bc4 Qe8 20. Qxe8 Raxe8 21. exf5 Rxf5 22. b4 Bb6 23. Rxd6 Rb8 24. Rd7+ Kh8 25. Bd3 Rf6 26. c4 Bd4 27. c5 Rbf8 28. Kh1 Rxf2 29. Rxf2 Bxf2 30. Rxb7 Bxc5 31. bxc5 e4 32. Bc4 e3 33. Kg1 Rf2 34. Rb1 Rc2 35. Bd3 Rxc5 36. Re1 Re5 37. Kf1 Kg7 38. Ke2 g4 39. h3 h5 40. hxg4 hxg4 41. Rc1 Kf6 42. Rc6+ Kg5 43. g3 Ra5 44. Ra6 Rxa6 45. Bxa6 Kf5 46. Kxe3 Ke5 1-0

[Event "Khanty-Mansiysk Governor Cup 7th"]
[Site "Khanty-Mansiysk"]
[Date "2011.09.02"]
[Round "3"]
[White "Kuzmin, Ilya"]
[Black "Pavlova, Nataliy"]
[Result "0-1"]
[WhiteElo "2207"]
[BlackElo "1569"]
[PlyCount "42"]
[EventDate "2011.08.31"]
[EventType "swiss"]
[EventRounds "9"]
[EventCountry "RUS"]
[SourceTitle "CBM 144 Extra"]
[Source "ChessBase"]
[SourceDate "2011.10.28"]
[SourceVersion "1"]
[SourceVersionDate "2011.10.28"]
[SourceQuality "1"]

1. e4 d6 2. d4 Nf6 3. Nc3 e5 4. dxe5 dxe5 5. Qxd8+ Kxd8 6. Bg5 c6 7. 0-0-0+ Ke8 8. Bxf6 gxf6 9. Nf3 Bc5 10. Rd2 b5 11. Be2 Be6 12. Rhd1 Nd7 13. Nh4 Bxf2 14. Nd5 cxd5 15. exd5 Be3 16. dxe6 fxe6 17. Bh5+ Ke7 18. Bf3 Rad8 19. Bc6 a6 20. Re1 Bxd2+ 21. Kxd2 Nb8+ 0-1

[Event "Khanty-Mansiysk Governor Cup 7th"]
[Site "Khanty-Mansiysk"]
[Date "2011.09.01"]
[Round "2"]
[White "Musin, Azat"]
[Black "Kuzmin, Ilya"]
[Result "1-0"]
[WhiteElo "1851"]
[BlackElo "2207"]
[PlyCount "51"]
[EventDate "2011.08.31"]
[EventType "swiss"]
[EventRounds "9"]
[EventCountry "RUS"]
[SourceTitle "CBM 144 Extra"]
[Source "ChessBase"]
[SourceDate "2011.10.28"]
[SourceVersion "1"]
[SourceVersionDate "2011.10.28"]
[SourceQuality "1"]

1. e4 c5 2. Nf3 e6 3. d4 cxd4 4. Nxd4 Nf6 5. Nc3 Nc6 6. Be3 Bb4 7. Bd3 Qa5 8. Nde2 d5 9. exd5 exd5 10. 0-0 0-0 11. a3 Bxc3 12. bxc3 Bg4 13. f3 Be6 14. Qd2 Ne5 15. Nd4 Nxd3 16. cxd3 Rac8 17. Rfc1 Nd7 18. Nb3 Qc7 19. Bd4 Ne5 20. Re1 f6 21. f4 Ng6 22. Rxe6 Nxf4 23. Re3 Rfe8 24. Rae1 Rxe3 25. Qxe3 a5 26. Nc5 1-0